000 00809pam a2200241 a 4500
999 _c331901
_d331901
001 4768990
003 NUST
005 20180117104419.0
008 860318s1987 enka b 001 0 eng
010 _a 86006562
020 _a0419133208 :
_c£18.00 (est.)
040 _aDLC
_cDLC
_dDLC
050 0 0 _aTD757.5
_b.B65 1987
082 0 0 _a628.3 BOL
_219
100 1 _aBolto, B. A.,
_d1932-
_95812
245 1 0 _aWastewater treatment by ion-exchange /
_cB.A. Bolto, L. Pawlowski.
260 _aLondon ;
_aNew York :
_bSpon,
_c1987.
300 _aviii, 262 p. :
_bill. ;
_c24 cm.
500 _aH.B
504 _aIncludes bibliographies and index.
650 0 _aSewage
_xPurification
_xIon exchange process.
_95813
700 1 _aPawłowski, Łucjan.
_95814
906 _a7
_bcbc
_corignew
_d1
_eocip
_f19
_gy-gencatlg
942 _2ddc
_cBK
_kIESE